| 000 | 00549nam a2200169 4500 | ||
|---|---|---|---|
| 999 |
_c4383 _d4383 |
||
| 008 | 160906b xxu||||| |||| 00| 0 eng d | ||
| 022 | _a2094-8042 | ||
| 082 | _aDPer 370.105 M72 Jan-Dec 2012 v. 60-61 | ||
| 100 |
_914189 _aBartolay,Pedro R., Jr. |
||
| 243 | _aThe modern teacher | ||
| 245 |
_aThe images of arrogance/ _cPedro R. Bartolay, Jr. |
||
| 260 |
_aPhilippines: _bIn the Grade School, Inc., _c©2012. |
||
| 300 |
_av61 n3, page 102: _c28 cm. |
||
| 500 | _aThe Modern Teacher | ||
| 650 | 0 |
_914192 _aPhilippine poetry |
|
| 942 |
_2ddc _cPER |
||